Vista normal Vista MARC

Entrada Materia (tema)

Número de registros utilizados en: 1

001 - CONTROL NUMBER

  • control field: 62898

003 - CONTROL NUMBER IDENTIFIER

  • control field: Co-BoUCM

005 - DATE AND TIME OF LATEST TRANSACTION

  • control field: 20140711142617.0

008 - FIXED-LENGTH DATA ELEMENTS

  • fixed length control field: 140711|| aca||aabn | a|a d

040 ## - CATALOGING SOURCE

  • Original cataloging agency: Co-BoUCM
  • Transcribing agency: Co-BoUCM

150 ## - HEADING--TOPICAL TERM

  • Topical term or geographic name as entry element: Medicina
  • General subdivision: Historia
  • Geographic subdivision: Argentina

670 ## - SOURCE DATA FOUND

  • Source citation: Work cat.: (Co-BoUCM): Cantón, Eliseo, 1861- 62896, La facultad de medicina y sus escuelas, 1921